01633cam a22002774a 45000010009000000050017000090080041000260100017000670200015000840200018000990350023001170350020001400400061001600420008002210500016002290820014002451000031002592450072002902500013003622600062003753000035004375040053004725050785005256500029013107000016013391414182220210414113919.0051015s2007 njua b 001 0 eng  a 2005055469 a0132431564 a9780132431569 a(OCoLC)ocm62118457 a(OCoLC)62118457 aDLCcDLCdYDXdBAKERdCOOdNLGGCdBTCTAdYDXCPdLVBdDLC apcc00aHD58.7.R62 00a658.32221 aRobbins, Stephen P.d1943-10aOrganizational behavior /cStephen P. Robbins and Timothy A. Judge. a12th ed. aUpper Saddle River, N.J. :bPearson/Prentice Hall,c2007. axxxi, 759 p. :bill. ;c29 cm. aIncludes bibliographical references and indexes. aContents: Part one: Introduction: -- What is organizational behavior? -- Part two: The Individual: Foundations of individual behavior --Attitudes and job satisfaction -- Personality and values -- Perception and individual decision making -- Motivation concepts -- Motivation: from concepts to applications -- Emotions and moods -- Part three: The Group : Foundations of group behavior -- Understanding work teams -- Communication -- Basic approaches to leadership -- Contemporary issues in leadership -- Power and politics -- Conflict and negotiation -- Part four: The Organization system: Foundations of organization structure -- Organizational culture -- Human resource policies and practices -- Part five: Organizational dynamics: Organizational change and stress management. 0aOrganizational behavior.1 aJudge, Tim.